True Or False Quiz (Asia) - Statistics

General Stats
  • This quiz has been taken 128 times
  • The average score is 12 of 20
Answer Stats
Question Answer % Correct
There Are More Islands In Philippines Then In Indonesia False
100%
Angkor Wat Is Located In Thailand False
67%
Asia Is The Second Largest Continent After Africa False
67%
China Is The Richest Country In Asia By GDP (PPP) per capita False
67%
The Largest Empire To Ever Exist In Asia Is The Qing Dynasty False
67%
Singapore Is The Smallest Country In Asia False
67%
Sri Lanka Is The Largest Producer Of Tea False
67%
Papa New Guinea Is Located In Asia False
67%
Abu Dhabi Is The Most Populous City In The United Arab Emirates False
67%
Most Of Russia Is Considered To Be In Asia True
67%
Brunei Is Located On The Island Of Borneo. True
67%
The Capital City Of Uzbekistan Is Tashkent True
67%
Brunei Is A Monarchy True
67%
Asia Is The Most Populated Continent True
67%
Fewer Than 50 Countries Have Officially Recognized Taiwan As An Independent Country True
67%
Laos Is Poorer Than Cambodia False
33%
The Philippines Is The Most Populated Country In South East Asia False
33%
Thailand Is The Largest Exporter Of Rubber True
33%
China Is The Largest Producer Of Cotton True
33%
India Is More Populated Than China False
0%
No matching quizzes found
Score Distribution
Percent of People with Each Score
Percentile by Number Answered
Your Score History
You have not taken this quiz